Global Capital, local resistance?: trade unions, national newspapers and the symbolic contestation of Offshoring in the UK /

El propósito del artículo es analizar el tema de los tratados comerciales y lo relacionado con las empresas transnacionales conocidas como "offshor" de centro de llamadas

Պահպանված է:
Մատենագիտական մանրամասներ
Հիմնական հեղինակ: Downey, John
Այլ հեղինակներ: Fenton, Natalie
Ձևաչափ: Տեքստ
Խորագրեր:
Ցուցիչներ: Ավելացրեք ցուցիչ
Չկան պիտակներ, Եղեք առաջինը, ով նշում է այս գրառումը!

MARC

LEADER 00000 a a2200000 04500
001 4775
003
040
100 |a Downey, John  
245 |a Global Capital, local resistance?:   |b trade unions, national newspapers and the symbolic contestation of Offshoring in the UK /  |c John Downey ; Natalie Fenton 
520 |a El propósito del artículo es analizar el tema de los tratados comerciales y lo relacionado con las empresas transnacionales conocidas como "offshor" de centro de llamadas  
650 |a GLOBALIZACION  
650 |a ACUERDOS ECONOMICOS  
650 |a EMPRESAS TRANSNACIONALES  
650 |a ECONOMIA  
700 |a Fenton, Natalie  
773 |g volumen 55, número 5; páginas 651-673  
999 |c 39157  |d 39157 
773 0 |0 18701  |9 10524  |d Los Angeles: SAGE Publications  |o 05396  |t Current Sociology /  |x 00113921